| 000 | 00482nam a22001577a 4500 | ||
|---|---|---|---|
| 003 | NUST - PNEC | ||
| 005 | 20170116180854.0 | ||
| 008 | 150827b xxu||||| |||| 00| 0 eng d | ||
| 040 | _cLIBRARY | ||
| 082 | _a621.381542 ABI | ||
| 100 |
_95879 _aAbidi, Saiyed Akram Hussain |
||
| 245 |
_aImage intensifiers and systems for the conquest of darkness _cSaiyed Akram Hussain Abidi |
||
| 260 |
_bInstitute of Optronics, _c1987 |
||
| 650 |
_95880 _amage intensifiers _xEL |
||
| 942 |
_2ddc _cBK |
||
| 999 |
_c64731 _d64731 |
||